Nommez un Pays par Nombre de Lettres Valides - Statistiques

Statistiques générales
  • Ce quiz a été pris 497 fois
  • Le résultat moyen est 12 sur 19
Statistiques - réponses
# Possible Mots % Correct
6 lettres 27 Angola, Belize, Brésil...
99%
5 lettres 25 Benin, Chili, Chine...
98%
4 lettres 8 Cuba, Inde, Irak...
96%
7 lettres 39 Albanie, Algérie, Andorre...
93%
8 lettres 35 Autriche, Belgique, Birmanie...
91%
9 lettres 13 Allemagne, Argentine, Australie...
89%
10 lettres 12 Bangladesh, Corée du Sud, Ile Maurice...
83%
11 lettres 11 Afghanistan, Azerbaïdjan, Biélorussie...
79%
12 lettres 6 Afrique du Sud, Côte d'Ivoire, Guinée-Bissau...
68%
17 lettres 6 Bosnie-Herzégovine, Émirats Arabes Unis, Guinée Equatoriale,...
61%
15 lettres 3 Macédoine du Nord, Nouvelle-Zélande, Trinité-et-Tobago
61%
23 lettres 2 Papouasie-Nouvelle-Guinée, Saint-Christophe-et-Niévès
59%
29 lettres 1 République démocratique du Congo
51%
27 lettres 1 Saint-Vincent-et-les-Grenadines
45%
24 lettres 2 États Fédérés de Micronésie, République Centrafricaine
41%
13 lettres 2 Liechtenstein, Timor Oriental
36%
14 lettres 1 Arabie Saoudite
33%
21 lettres 1 République Dominicaine
32%
16 lettres 1 Antigua-et-Barbuda
30%
Aucun quiz correspondant
Distribution des résultats
% des personnes avec chaque résultat
Percentile par nombre de réponses
Votre historique - résultats
Vous n’avez pas pris ce quiz